000 00318nam a22001457a 4500
008 230124b ||||| |||| 00| 0 eng d
020 _a9781285169217
041 _aeng
080 _a004
082 _a004SHAF
100 _a18
101 _aSHKJP
245 _aMICROSOFT OFFISE 2013
_cSHAFFER ANN
942 _2udc
_cBK
999 _c59265
_d59265